000 00547nam a2200193Ia 4500
008 151119s9999||||xx |||||||||||||| ||und||
082 _a923.154
082 _bGKKV6633
100 _aसोनवणी संजय
245 _aअखेरचा सम्राट
260 _a--
260 _b--
260 _c1991
600 _aसोनवणी संजय
630 _aअखेरचा सम्राट
700 _aसोनवणी संजय
730 _aअखेरचा सम्राट
942 _cBOOK
999 _c1061451
_d1061448